| 000 | 00532nam a22001577a 4500 | ||
|---|---|---|---|
| 003 | NUST | ||
| 082 | _a610 | ||
| 100 |
_a Ahmed ,Muez _9121716 |
||
| 245 |
_aElucidating the effect of Bacopa monnieri on Cadmium induced toxicity in mice / _cMuez Ahmed |
||
| 264 |
_aIslamabad: _bSMME- NUST. _c2019. |
||
| 300 |
_a77p. ; _bSoft Copy , _c30cm |
||
| 650 | _aMS Biomedical Sciences (BMS) | ||
| 700 |
_aSupervisor : Dr. Adeeb Shehzad _9119503 |
||
| 856 | _uhttp://10.250.8.41:8080/xmlui/handle/123456789/8430 | ||
| 942 |
_2ddc _cTHE |
||
| 999 |
_c608506 _d608506 |
||